[Event "Landsturneringen NM i sjakk 2013"]
[Site "Radisson Blu Lillehammer Hotel"]
[Date "2013.06.29"]
[Round "5"]
[White "Alfstad, Jon Tomas"]
[Black "Wilhelmsen, Morten"]
[Result "0-1"]
[WhiteElo "1046"]
[BlackElo "1097"]
[PlyCount "98"]
[EventDate "2013.??.??"]

1. e4 c5 2. Nf3 Nc6 3. Be2 e5 4. O-O Nf6 5. d3 d5 6. Nbd2 Be6 7. b3 Qd7 8. Bb2
d4 9. h3 h6 10. a3 g5 11. Nh2 h5 12. f3 O-O-O 13. c4 Bh6 14. Bc1 Rdg8 15. g4
hxg4 16. fxg4 Ne8 17. Rf2 Bf8 18. Qf1 Rh7 19. Qg2 Rgh8 20. Rf3 f6 21. Bb2 Rh6
22. Raf1 Qg7 23. Rg3 Ne7 24. Bc1 Ng6 25. Nb1 Nf4 26. Bxf4 exf4 27. Rgf3 Qh7 28.
Nd2 Bd6 29. R1f2 Rxh3 30. Rxh3 Qxh3 31. Qxh3 Rxh3 32. Kg2 Rg3+ 33. Kf1 Be5 34.
Nhf3 Bxg4 35. Nxe5 Bxe2+ 36. Kxe2 fxe5 37. Nf1 Rh3 38. Rg2 Rh5 39. Kf3 Nf6 40.
Nh2 Rh3+ 41. Kf2 Rh5 42. Ng4 Nxg4+ 43. Rxg4 Kd7 44. Kf3 Ke6 45. Rg2 Kf6 46. Rg4
Rh3+ 47. Kg2 Rxd3 48. a4 Rxb3 49. Kf2 a5 0-1

[Event "Landsturneringen NM i sjakk 2013"]
[Site "Radisson Blu Lillehammer Hotel"]
[Date "2013.06.29"]
[Round "5"]
[White "Nordbye, Per H"]
[Black "Engan, Kari Kristine"]
[Result "1/2-1/2"]
[WhiteElo "1001"]
[BlackElo "1055"]
[PlyCount "68"]
[EventDate "2013.??.??"]

1. d4 d5 2. Nf3 Nf6 3. e3 Bf5 4. c4 e6 5. b3 Be7 6. Bd3 Bb4+ 7. Ke2 Bg4 8. Ba3
Bxa3 9. Nxa3 a6 10. h3 Bxf3+ 11. gxf3 Nc6 12. Nc2 Qe7 13. Qg1 g6 14. Qg5 O-O-O
15. Rhc1 Ng8 16. Qg1 Nf6 17. Qe1 Nh5 18. a4 a5 19. Rab1 Nb4 20. Nxb4 Qxb4 21.
Qxb4 axb4 22. c5 c6 23. a5 Kc7 24. Ra1 Ra8 25. Ra4 f5 26. Rca1 Rhb8 27. Rxb4 f4
28. Rba4 Ra7 29. b4 fxe3 30. Kxe3 Re8 31. f4 Rf8 32. a6 Nxf4 33. Bf1 Rf5 34.
axb7 Rxb7 1/2-1/2

[Event "Landsturneringen NM i sjakk 2013"]
[Site "Radisson Blu Lillehammer Hotel"]
[Date "2013.06.29"]
[Round "6"]
[White "Endresen, Ola Torstein"]
[Black "Røsok, Leiv"]
[Result "1-0"]
[WhiteElo "1200"]
[BlackElo "1051"]
[PlyCount "55"]
[EventDate "2013.??.??"]

1. d4 Nf6 2. Nc3 e6 3. Bg5 d5 4. e4 dxe4 5. Nxe4 Be7 6. Bxf6 Bxf6 7. Nf3 O-O 8.
c3 Nd7 9. Bd3 b6 10. Qe2 a6 11. Nd6 cxd6 12. Qe4 g6 13. Qxa8 b5 14. Qe4 Re8 15.
O-O Qc7 16. Qe2 Bb7 17. Be4 d5 18. Bd3 e5 19. dxe5 Nxe5 20. Rfe1 d4 21. Nxe5
Bxe5 22. f4 dxc3 23. fxe5 cxb2 24. Qxb2 Re6 25. Be4 Rxe5 26. Bxb7 Rxe1+ 27.
Rxe1 Qxb7 28. Re8#
1-0

[Event "Landsturneringen NM i sjakk 2013"]
[Site "Radisson Blu Lillehammer Hotel"]
[Date "2013.06.29"]
[Round "6"]
[White "Johnsen, Knut"]
[Black "Garmark, Vegard"]
[Result "0-1"]
[WhiteElo "1236"]
[BlackElo "1182"]
[PlyCount "73"]
[EventDate "2013.??.??"]

1. e4 d5 2. exd5 Qxd5 3. Nc3 Qa5 4. d4 c6 5. Bd2 Qc7 6. Nf3 Nf6 7. Bc4 Bg4 8.
Bxf7+ Kxf7 9. Ne5+ Qxe5+ 10. dxe5 Bxd1 11. exf6 Bxc2 12. fxe7 Bxe7 13. O-O Rd8
14. Bf4 g5 15. Be3 Na6 16. Rac1 Bg6 17. f4 g4 18. Ne2 Bd3 19. Rfe1 Bb4 20. Nc3
Re8 21. Kf2 Re7 22. a3 Bc5 23. Bxc5 Rxe1 24. Rxe1 Nxc5 25. Re5 Ne6 26. Kg3 Kf6
27. Kxg4 Rg8+ 28. Kf3 Bf1 29. Ne4+ Kf7 30. g4 Nd4+ 31. Ke3 Rxg4 32. Kxd4 Rxf4
33. Kc5 Bg2 34. Nd6+ Kf6 35. Nc4 b6+ 36. Kb4 Rxc4+ 37. Kxc4 0-1

[Event "Landsturneringen NM i sjakk 2013"]
[Site "Radisson Blu Lillehammer Hotel"]
[Date "2013.06.29"]
[Round "6"]
[White "Skaslien, Tor"]
[Black "Elboth, Christian Ancher"]
[Result "1/2-1/2"]
[WhiteElo "1234"]
[BlackElo "1080"]
[PlyCount "65"]
[EventDate "2013.??.??"]

1. d4 d5 2. Nf3 Nc6 3. Bf4 Bf5 4. a3 e6 5. e3 Bd6 6. Bxd6 cxd6 7. Nc3 Nge7 8.
Bd3 O-O 9. Ne2 e5 10. Bxf5 Nxf5 11. dxe5 dxe5 12. O-O f6 13. c3 Rb8 14. Qc2
Nce7 15. Rad1 Qc8 16. e4 dxe4 17. Qxe4 b5 18. Ng3 Nxg3 19. fxg3 Qe6 20. Rd2 a6
21. Rfd1 Qb6+ 22. Kh1 Rfd8 23. h3 Rxd2 24. Rxd2 Rd8 25. Qe2 Rxd2 26. Qxd2 Qe6
27. g4 g5 28. Qd8+ Kf7 29. Qh8 Kg6 30. Qe8+ Kg7 31. h4 h6 32. h5 Qd6 33. Qa8
1/2-1/2

[Event "Landsturneringen NM i sjakk 2013"]
[Site "Radisson Blu Lillehammer Hotel"]
[Date "2013.06.29"]
[Round "6"]
[White "Hageberg, Olav K"]
[Black "Sand, Morten"]
[Result "1-0"]
[WhiteElo "1237"]
[BlackElo "1202"]
[PlyCount "29"]
[EventDate "2013.??.??"]

1. d4 d5 2. e3 Nf6 3. f4 e6 4. Bd3 c5 5. c3 c4 6. Bc2 Bd6 7. Nd2 b5 8. Ngf3 h6
9. O-O Bb7 10. Ne5 Bxe5 11. fxe5 Ne4 12. Qf3 Qe7 13. Nxe4 dxe4 14. Bxe4 Bd5 15.
Bxd5
1-0

[Event "Landsturneringen NM i sjakk 2013"]
[Site "Radisson Blu Lillehammer Hotel"]
[Date "2013.06.29"]
[Round "6"]
[White "Lillesand, Svein A"]
[Black "Skotheim, Håvard"]
[Result "1/2-1/2"]
[WhiteElo "1087"]
[BlackElo "1152"]
[PlyCount "132"]
[EventDate "2013.??.??"]

1. d4 d5 2. c4 dxc4 3. e3 Nf6 4. Nc3 e6 5. Nf3 a6 6. Bxc4 Bb4 7. Bd2 b5 8. Bd3
Bb7 9. O-O c5 10. Be2 Nc6 11. dxc5 Bxc5 12. Qc2 Nb4 13. Qb3 Rb8 14. Rfd1 O-O
15. a3 Nbd5 16. Rac1 Bd6 17. e4 Nxc3 18. Bxc3 Bxe4 19. Bb4 Bd5 20. Qc3 Ne4 21.
Qd4 Bxb4 22. Qxb4 Qb6 23. Qd4 f6 24. Qxb6 Rxb6 25. Rd4 h6 26. h3 a5 27. b4 axb4
28. Rxb4 Ra8 29. Rxb5 Rxb5 30. Bxb5 Rxa3 31. Rc2 e5 32. Bd7 Rd3 33. Bf5 Rd1+
34. Kh2 Nd6 35. Bg6 Be4 36. Bxe4 Nxe4 37. Re2 Nc3 38. Rc2 Nb1 39. Nh4 Kf7 40.
Nf5 Nd2 41. Ne3 Nf1+ 42. Nxf1 Rxf1 43. Re2 g5 44. f3 Ke6 45. Kg3 f5 46. Kh2 f4
47. Re4 h5 48. Re2 h4 49. Re4 Kf5 50. Re2 Rb1 51. Re4 Rb3 52. Rc4 Ke6 53. Ra4
Rc3 54. Rb4 Kd5 55. Rb7 e4 56. fxe4+ Kxe4 57. Rb5 Rg3 58. Rb4+ Kf5 59. Rb2 g4
60. hxg4+ Kxg4 61. Rb7 h3 62. Rg7+ Kh4 63. Rh7+ Kg4 64. Rg7+ Kh4 65. Rh7+ Kg4
66. Rg7+ Kh4 1/2-1/2

[Event "Landsturneringen NM i sjakk 2013"]
[Site "Radisson Blu Lillehammer Hotel"]
[Date "2013.06.29"]
[Round "6"]
[White "Rosland, Lars-Erik"]
[Black "Thingstad, Tormod"]
[Result "0-1"]
[WhiteElo "1156"]
[BlackElo "1186"]
[PlyCount "94"]
[EventDate "2013.??.??"]

1. d4 d5 2. c4 e6 3. e3 Nf6 4. Nc3 Nbd7 5. Nf3 Bb4 6. Bd2 O-O 7. Bd3 b6 8. O-O
Bb7 9. a3 Bxc3 10. Bxc3 dxc4 11. Bxc4 c5 12. Re1 Qc7 13. Nd2 Rad8 14. f3 Rfe8
15. Rc1 Nd5 16. Bxd5 Bxd5 17. e4 Bb7 18. Qe2 Qf4 19. Nc4 Ba6 20. Qe3 Qxe3+ 21.
Nxe3 cxd4 22. Bxd4 e5 23. Bc3 Nc5 24. Rcd1 f6 25. Nd5 Kf7 26. g4 Rd7 27. Rd2
Red8 28. Red1 Bc4 29. Kf2 Bb3 30. Re1 Bxd5 31. exd5 Rxd5 32. Rxd5 Rxd5 33. Re2
Nd3+ 34. Ke3 Nf4 35. Rd2 Ke6 36. Ke4 Rxd2 37. Bxd2 Nd5 38. b4 b5 39. h4 g6 40.
Be1 a6 41. Bd2 f5+ 42. gxf5+ gxf5+ 43. Kd3 Nb6 44. Bc1 Kd5 45. h5 Nc4 46. h6 f4
47. Kc3 Nd6 0-1

[Event "Landsturneringen NM i sjakk 2013"]
[Site "Radisson Blu Lillehammer Hotel"]
[Date "2013.06.29"]
[Round "6"]
[White "Simenstad, Karl Edvin"]
[Black "Nesheim, Mathias"]
[Result "1-0"]
[WhiteElo "1100"]
[BlackElo "1000"]
[PlyCount "65"]
[EventDate "2013.??.??"]

1. d4 d5 2. c4 e6 3. Nc3 Nf6 4. Nf3 Be7 5. Bd2 O-O 6. e3 dxc4 7. Bxc4 a6 8. O-O
b5 9. Bd3 Bb7 10. a3 Nbd7 11. Rc1 Rc8 12. b4 c5 13. bxc5 Nxc5 14. Bxh7+ Nxh7
15. dxc5 Bxf3 16. gxf3 Rxc5 17. Ne4 Rd5 18. Rc2 Bxa3 19. Qe2 Rh5 20. Ng3 Rh3
21. Kg2 Qh4 22. Rh1 Bd6 23. Rc6 Bxg3 24. fxg3 Qh5 25. Rxa6 Nf6 26. Rb6 g5 27.
Rxb5 Kg7 28. e4 Nd5 29. exd5 Rh8 30. Bc3+ f6 31. Rb7+ Kg6 32. Qe4+ Kh6 33. Qxe6
1-0

[Event "Landsturneringen NM i sjakk 2013"]
[Site "Radisson Blu Lillehammer Hotel"]
[Date "2013.06.29"]
[Round "6"]
[White "Balas, Georg"]
[Black "Robertsen, Per Nicolai"]
[Result "1-0"]
[WhiteElo "1171"]
[BlackElo "1222"]
[PlyCount "93"]
[EventDate "2013.??.??"]

1. d4 d5 2. c4 c6 3. Nc3 Nf6 4. Nf3 Bg4 5. e3 e6 6. cxd5 Nxd5 7. a3 Bd6 8. Be2
O-O 9. O-O Qc7 10. h3 Bh5 11. e4 Nf4 12. e5 Nxe2+ 13. Qxe2 Be7 14. g4 Bg6 15.
h4 h6 16. h5 Bh7 17. Kg2 Nd7 18. Rg1 Nb6 19. g5 Rad8 20. gxh6 g6 21. Ne4 c5 22.
dxc5 Bxc5 23. Nf6+ Kh8 24. Ng5 Rd5 25. Nxd5 Nxd5 26. Bd2 a6 27. Rac1 Qc6 28.
Kh2 Qb6 29. Ne4 Be7 30. Bg5 Bxg5 31. Nxg5 Nf4 32. Qf3 Nxh5 33. b4 f5 34. exf6
Rxf6 35. Rc8+ Bg8 36. h7 Qxf2+ 37. Qxf2 Rxf2+ 38. Rg2 Rxg2+ 39. Kxg2 Nf6 40.
hxg8=Q+ Nxg8 41. Nxe6 Kh7 42. Rc7+ Kh6 43. Rxb7 Nf6 44. Rb6 g5 45. Rxa6 Kh5 46.
Nxg5 Kxg5 47. b5 1-0

[Event "Landsturneringen NM i sjakk 2013"]
[Site "Radisson Blu Lillehammer Hotel"]
[Date "2013.06.29"]
[Round "6"]
[White "Grønn, Torbjørn Vevle"]
[Black "Samskott, Arne"]
[Result "1-0"]
[WhiteElo "1000"]
[BlackElo "1082"]
[PlyCount "43"]
[EventDate "2013.??.??"]

1. e4 e5 2. Nc3 Nc6 3. Bc4 Nf6 4. d3 Be7 5. f4 exf4 6. Bxf4 d6 7. Nf3 Be6 8.
Bxe6 fxe6 9. O-O e5 10. Be3 Qd7 11. Nd5 Ng4 12. Bg5 Bxg5 13. Nxg5 O-O-O 14. Rf7
Qe8 15. Qxg4+ Kb8 16. Nxc7 Qg8 17. Raf1 a6 18. Nge6 Rc8 19. Rxg7 h5 20. Qg5
Qxg7 21. Qxg7 Rcg8 22. Rf8+ 1-0

[Event "Landsturneringen NM i sjakk 2013"]
[Site "Radisson Blu Lillehammer Hotel"]
[Date "2013.06.29"]
[Round "6"]
[White "Nyland, Ingeborg Marie"]
[Black "Wilhelmsen, Morten"]
[Result "1-0"]
[WhiteElo "1012"]
[BlackElo "1097"]
[PlyCount "123"]
[EventDate "2013.??.??"]

1. e4 c5 2. Nf3 d6 3. Bb5+ Bd7 4. Bxd7+ Qxd7 5. Nc3 Nc6 6. a3 e6 7. d3 Nf6 8.
Bg5 Be7 9. Qe2 h6 10. Bd2 Ng4 11. h3 Nge5 12. g4 g5 13. Nxe5 Nxe5 14. O-O-O Ng6
15. Rdf1 O-O-O 16. f4 Rdf8 17. f5 Ne5 18. Be3 Kb8 19. d4 cxd4 20. Bxd4 Rhg8 21.
Rd1 Nc6 22. Qb5 a6 23. Qa4 e5 24. Bb6 f6 25. Nd5 Bd8 26. h4 Rg7 27. h5 Bxb6 28.
Nxb6 Qc7 29. Nd5 Qd8 30. Rh3 Rd7 31. Kb1 Rff7 32. Rdd3 Ne7 33. Rb3 Nxd5 34.
exd5 Ka7 35. Rb5 Rc7 36. Qa5 Qa8 37. Qb6+ Kb8 38. Ra5 Rfd7 39. Rb3 Kc8 40. Rb4
Rd8 41. c4 Rf7 42. c5 Rdd7 43. cxd6 Kb8 44. Rc4 Qa7 45. Qc5 Qxc5 46. Raxc5 Rxd6
47. Rc8+ Ka7 48. R4c5 Rfd7 49. Rh8 b6 50. Rcc8 Rxd5 51. Rxh6 Rd1+ 52. Ka2 Rg1
53. Rxf6 Rxg4 54. Rg8 e4 55. Re6 Rf7 56. h6 Kb7 57. Rg7 Rc7 58. f6 Rh4 59. f7
Rf4 60. h7 Rfxf7 61. Rxf7 Rxf7 62. h8=Q 1-0

[Event "Landsturneringen NM i sjakk 2013"]
[Site "Radisson Blu Lillehammer Hotel"]
[Date "2013.06.29"]
[Round "6"]
[White "Thorvaldsen, Petter"]
[Black "Nytrø, Bjørn"]
[Result "1/2-1/2"]
[WhiteElo "1172"]
[BlackElo "1175"]
[PlyCount "138"]
[EventDate "2013.??.??"]

1. d4 d5 2. Nf3 e6 3. e3 c5 4. c3 a6 5. Bd3 Nc6 6. Nbd2 b5 7. b3 Bd6 8. O-O e5
9. dxc5 Bxc5 10. e4 Nf6 11. b4 Bb6 12. Bb2 d4 13. Qc2 O-O 14. a4 bxa4 15. b5
axb5 16. Bxb5 Bd7 17. Bxc6 Bxc6 18. Nxe5 Bb5 19. c4 Rc8 20. Qd3 Re8 21. Ndf3
Bd7 22. Bxd4 Bxd4 23. Qxd4 Re7 24. Rfd1 Rc7 25. Rxa4 Qe8 26. Ra7 Rxa7 27. Qxa7
Bg4 28. Qd4 Rxe5 29. Nxe5 Bxd1 30. f3 Ba4 31. g4 Nd7 32. Nd3 f6 33. Nf4 g5 34.
Nh5 Kf7 35. Kf2 Qe7 36. Ng3 Bb3 37. Ke2 Qe6 38. Nf5 Bxc4+ 39. Ke3 Qb6 40. Nd6+
Ke6 41. Nxc4 Qb3+ 42. Qd3 Qxd3+ 43. Kxd3 Nc5+ 44. Kd4 Nb3+ 45. Ke3 Nc1 46. Nd2
Ke5 47. Nc4+ Ke6 48. Na5 Ke5 49. Nc6+ Ke6 50. Nd4+ Ke5 51. Nf5 Nb3 52. h4 gxh4
53. Nxh4 Nc5 54. f4+ Ke6 55. Kd4 Nd7 56. Nf3 h6 57. Nh4 Kf7 58. Nf5 Kg6 59. Ng3
Kf7 60. Kd5 Nb6+ 61. Kd6 Nc4+ 62. Kd5 Ne3+ 63. Kd4 Nxg4 64. e5 Ke6 65. f5+ Ke7
66. e6 Ne5 67. Kd5 Ng4 68. Kc6 Ne3 69. Kc7 h5 1/2-1/2

[Event "Landsturneringen NM i sjakk 2013"]
[Site "Radisson Blu Lillehammer Hotel"]
[Date "2013.06.29"]
[Round "6"]
[White "Engan, Kari Kristine"]
[Black "Suntharalingam, Jeya"]
[Result "0-1"]
[WhiteElo "1055"]
[BlackElo "1118"]
[PlyCount "62"]
[EventDate "2013.??.??"]

1. e4 e5 2. Nf3 Nc6 3. d4 exd4 4. Nxd4 Bc5 5. Nxc6 bxc6 6. Bd3 d6 7. O-O Nf6 8.
Be3 Bb6 9. Bxb6 cxb6 10. c4 Ng4 11. f4 Ne3 12. Qd2 Nxf1 13. Kxf1 O-O 14. Nc3
Qh4 15. Kg1 a5 16. Na4 Qd8 17. b3 Ba6 18. Nc3 b5 19. Qe3 Qf6 20. Rc1 b4 21. Na4
Rfe8 22. Re1 c5 23. Nb6 Ra7 24. Nd5 Qh6 25. Qg3 Bb7 26. Ne3 Qg6 27. Qf2 Qf6 28.
Ng4 Qc3 29. Qe2 Bc6 30. Nf2 Rae7 31. Qh5 Qxe1+ 0-1

[Event "Landsturneringen NM i sjakk 2013"]
[Site "Radisson Blu Lillehammer Hotel"]
[Date "2013.06.29"]
[Round "7"]
[White "Garmark, Vegard"]
[Black "Endresen, Ola Torstein"]
[Result "1/2-1/2"]
[WhiteElo "1182"]
[BlackElo "1200"]
[PlyCount "105"]
[EventDate "2013.??.??"]

1. e4 d5 2. exd5 Qxd5 3. Nc3 Qd6 4. d4 Nf6 5. Nf3 c6 6. Bg5 Nbd7 7. Qd2 Nb6 8.
Be2 Bf5 9. Bf4 Qd8 10. O-O e6 11. Rfe1 Bd6 12. Rad1 Bxf4 13. Qxf4 Bxc2 14. Rd2
Bf5 15. Qg5 Bg6 16. Ne5 Nfd5 17. Qg3 Qf6 18. Nc4 Nxc4 19. Bxc4 O-O 20. Ne4 Qf4
21. Qxf4 Nxf4 22. Nd6 Rab8 23. g3 Nd5 24. a4 Nf6 25. f3 Nd5 26. Kf2 Rfd8 27.
Ne4 h6 28. Nc3 Kf8 29. Bd3 Bxd3 30. Rxd3 Nb4 31. Rd2 Rd7 32. Ke3 Nd5+ 33. Nxd5
exd5 34. Kd3 Re8 35. Rxe8+ Kxe8 36. b4 a6 37. Rb2 b5 38. Ra2 f5 39. axb5 axb5
40. Ra6 Rd6 41. Ra7 Rd7 42. Ra6 Rd6 43. Ra7 Kf8 44. g4 fxg4 45. fxg4 Re6 46.
Rc7 Kg8 47. h3 Kh7 48. Kd2 Re4 49. Kd3 Re6 50. Kd2 Kg6 51. Kd3 Rf6 52. Ke3 Re6+
53. Kd3 1/2-1/2

[Event "Landsturneringen NM i sjakk 2013"]
[Site "Radisson Blu Lillehammer Hotel"]
[Date "2013.06.29"]
[Round "7"]
[White "Røsok, Leiv"]
[Black "Hageberg, Olav K"]
[Result "1-0"]
[WhiteElo "1051"]
[BlackElo "1237"]
[PlyCount "113"]
[EventDate "2013.??.??"]

1. e4 c5 2. Nf3 d6 3. d4 cxd4 4. Nxd4 Nf6 5. Nc3 a6 6. h3 e5 7. Nf3 Be6 8. Bd3
Be7 9. O-O h6 10. Be3 Nbd7 11. Qe2 Qc7 12. Rad1 Rc8 13. a3 Nc5 14. Bc4 Bxc4 15.
Qxc4 b5 16. Qb4 O-O 17. Nd5 Nxd5 18. exd5 f6 19. Qg4 Kh8 20. Nh4 Kh7 21. Qf5+
Kg8 22. Qg6 Bd8 23. Nf5 Kh8 24. Qg4 Qd7 25. f4 Bb6 26. Kh2 Na4 27. Bxb6 Nxb6
28. c3 Nc4 29. Rf2 Kh7 30. Rd3 g6 31. Nxh6 Qxg4 32. Nxg4 f5 33. Ne3 Nxe3 34.
Rxe3 e4 35. h4 Rc4 36. Rd2 Rfc8 37. Kh3 a5 38. g4 b4 39. axb4 axb4 40. cxb4
Rxb4 41. g5 Rcb8 42. Ree2 Rb3+ 43. Kg2 R8b5 44. Rc2 Rb7 45. Rc6 Rxb2 46. Rxb2
Rxb2+ 47. Kf1 Rb3 48. Rxd6 Rf3+ 49. Kg2 Rxf4 50. Re6 e3 51. d6 Rd4 52. Re7+ Kg8
53. d7 f4 54. Re8+ Kf7 55. d8=Q Rxd8 56. Rxd8 e2 57. Kf2 1-0

[Event "Landsturneringen NM i sjakk 2013"]
[Site "Radisson Blu Lillehammer Hotel"]
[Date "2013.06.29"]
[Round "7"]
[White "Elboth, Christian Ancher"]
[Black "Simenstad, Karl Edvin"]
[Result "1-0"]
[WhiteElo "1080"]
[BlackElo "1100"]
[PlyCount "41"]
[EventDate "2013.??.??"]

1. e4 e6 2. d4 d5 3. exd5 exd5 4. Nf3 Nf6 5. Bd3 Be7 6. h3 O-O 7. O-O Nbd7 8.
Bg5 h6 9. Bh4 Re8 10. Re1 c5 11. c3 cxd4 12. Nxd4 Ne4 13. Bxe4 Bxh4 14. Bxd5
Rxe1+ 15. Qxe1 Nf6 16. Bb3 Bd7 17. Nd2 Qc7 18. Qe7 Bxf2+ 19. Kxf2 Qf4+ 20. N2f3
Re8 21. Bxf7+ 1-0

[Event "Landsturneringen NM i sjakk 2013"]
[Site "Radisson Blu Lillehammer Hotel"]
[Date "2013.06.29"]
[Round "7"]
[White "Hauge, Eirik"]
[Black "Johnsen, Knut"]
[Result "0-1"]
[WhiteElo "1046"]
[BlackElo "1236"]
[PlyCount "28"]
[EventDate "2013.??.??"]

1. d4 Nf6 2. Bg5 Ne4 3. Bf4 d6 4. e3 g6 5. Bd3 Nf6 6. Nf3 Bg7 7. Nbd2 O-O 8.
Qe2 Nbd7 9. O-O-O c5 10. h4 Nh5 11. dxc5 Nxf4 12. exf4 Nxc5 13. Bc4 Qb6 14. h5
Qxb2# 0-1

[Event "Landsturneringen NM i sjakk 2013"]
[Site "Radisson Blu Lillehammer Hotel"]
[Date "2013.06.29"]
[Round "7"]
[White "Grønn, Torbjørn Vevle"]
[Black "Lillesand, Svein A"]
[Result "0-1"]
[WhiteElo "1000"]
[BlackElo "1087"]
[PlyCount "78"]
[EventDate "2013.??.??"]

1. e4 c5 2. d4 cxd4 3. c3 dxc3 4. Nxc3 Nc6 5. Bc4 e6 6. Be3 Nf6 7. a3 a6 8. Nf3
Qc7 9. O-O Be7 10. Rc1 Nxe4 11. Nxe4 d5 12. Bxd5 exd5 13. Qxd5 Be6 14. Qd2 Rd8
15. Qc3 O-O 16. Bd4 f6 17. Qe3 Bd5 18. Bb6 Qc8 19. Bxd8 Rxd8 20. Rfd1 Qe6 21.
Nc3 Qxe3 22. fxe3 Bxf3 23. gxf3 Rxd1+ 24. Rxd1 Bc5 25. Kf2 Ne5 26. Ne4 Ba7 27.
Rc1 Nd3+ 28. Ke2 Nxc1+ 29. Kd2 Nb3+ 30. Kc3 Nc5 31. Nxc5 Bxc5 32. e4 Bd6 33. h3
Kf7 34. a4 a5 35. Kc4 b6 36. Kb5 Bc5 37. Kc4 Ke6 38. f4 g6 39. Kb5 g5 0-1

[Event "Landsturneringen NM i sjakk 2013"]
[Site "Radisson Blu Lillehammer Hotel"]
[Date "2013.06.29"]
[Round "7"]
[White "Sand, Morten"]
[Black "Balas, Georg"]
[Result "0-1"]
[WhiteElo "1202"]
[BlackElo "1171"]
[PlyCount "24"]
[EventDate "2013.??.??"]

1. e4 c5 2. Nf3 Nc6 3. d4 cxd4 4. Nxd4 d6 5. Nc3 Nf6 6. Bc4 e6 7. Be3 Be7 8.
Qd2 O-O 9. O-O-O Ng4 10. f4 Nxe3 11. Qxe3 e5 12. fxe5 Bg5 0-1

[Event "Landsturneringen NM i sjakk 2013"]
[Site "Radisson Blu Lillehammer Hotel"]
[Date "2013.06.29"]
[Round "7"]
[White "Amarapala, Anton"]
[Black "Olsen, Knut"]
[Result "1/2-1/2"]
[WhiteElo "1014"]
[BlackElo "1245"]
[PlyCount "48"]
[EventDate "2013.??.??"]

1. d4 d5 2. Nf3 Nc6 3. c4 e6 4. e3 Nf6 5. Bd3 Be7 6. O-O O-O 7. Re1 Re8 8. b3
b6 9. Bb2 h6 10. Nc3 Bb7 11. cxd5 exd5 12. Bb5 a6 13. Bxc6 Bxc6 14. Ne5 Bb7 15.
h3 c5 16. Rc1 cxd4 17. exd4 Bb4 18. a3 Bxc3 19. Bxc3 Ne4 20. f3 Nxc3 21. Rxc3
Rc8 22. Qd2 Rxc3 23. Qxc3 a5 24. b4 axb4 1/2-1/2

[Event "Landsturneringen NM i sjakk 2013"]
[Site "Radisson Blu Lillehammer Hotel"]
[Date "2013.06.29"]
[Round "7"]
[White "Nytrø, Bjørn"]
[Black "Suntharalingam, Jeya"]
[Result "0-1"]
[WhiteElo "1175"]
[BlackElo "1118"]
[PlyCount "66"]
[EventDate "2013.??.??"]

1. d4 d5 2. e3 Nf6 3. c4 Bf5 4. cxd5 e6 5. dxe6 Bxe6 6. a3 Bd6 7. Nc3 a6 8. f4
O-O 9. Nf3 Nbd7 10. e4 Be7 11. f5 Bxf5 12. exf5 Re8 13. Be2 Bd6 14. O-O c5 15.
d5 Qc7 16. h3 Nh5 17. Qc2 c4 18. Rf2 Bc5 19. Ne4 Bxf2+ 20. Kxf2 Ndf6 21. Nxf6+
Nxf6 22. Bxc4 Ne4+ 23. Kg1 Qc5+ 24. Kh2 Rac8 25. b3 b5 26. Bf4 bxc4 27. bxc4
Qxc4 28. Qxc4 Rxc4 29. Ne5 Rd4 30. Re1 Nf6 31. d6 Rxf4 32. g4 Rd4 33. g5 Nd7
0-1

[Event "Landsturneringen NM i sjakk 2013"]
[Site "Radisson Blu Lillehammer Hotel"]
[Date "2013.06.29"]
[Round "7"]
[White "Wilhelmsen, Morten"]
[Black "Johnsen, Kjell R"]
[Result "1-0"]
[WhiteElo "1097"]
[BlackElo "1079"]
[PlyCount "49"]
[EventDate "2013.??.??"]

1. e4 e5 2. Nf3 d6 3. Nc3 a6 4. d4 Nc6 5. dxe5 dxe5 6. Qxd8+ Kxd8 7. Bc4 Be6 8.
Bxe6 fxe6 9. O-O Ke7 10. Bg5+ Kf7 11. Rad1 Kg6 12. Rd7 h6 13. Bh4 Kh5 14. Rfd1
g5 15. Bg3 Bd6 16. h3 Nf6 17. R1xd6 cxd6 18. Rxd6 Nd4 19. Bxe5 Nxf3+ 20. gxf3
Ne8 21. Rxe6 Rf8 22. Kg2 Rd8 23. Ne2 Rd2 24. Ng3+ Kh4 25. Rxh6# 1-0

[Event "Landsturneringen NM i sjakk 2013"]
[Site "Radisson Blu Lillehammer Hotel"]
[Date "2013.06.29"]
[Round "7"]
[White "Alfstad, Jon Tomas"]
[Black "Engan, Kari Kristine"]
[Result "1/2-1/2"]
[WhiteElo "1046"]
[BlackElo "1055"]
[PlyCount "56"]
[EventDate "2013.??.??"]

1. e4 e5 2. Nf3 Nc6 3. Nc3 Nf6 4. d3 h6 5. a3 d6 6. Be2 Be7 7. O-O O-O 8. b4 a5
9. b5 Na7 10. a4 b6 11. Nd5 Bb7 12. Nxe7+ Qxe7 13. c4 c6 14. Ba3 c5 15. h3 Rad8
16. Qd2 Nh7 17. Nh2 Bc8 18. g4 g5 19. f3 f6 20. Kf2 Be6 21. Rg1 Nc8 22. Nf1 Qf7
23. Ng3 Ne7 24. Rac1 Ng6 25. Rh1 Nh4 26. Nf5 Nxf5 27. exf5 Bc8 28. Rhg1 Rfe8
1/2-1/2

[Event "Landsturneringen NM i sjakk 2013"]
[Site "Radisson Blu Lillehammer Hotel"]
[Date "2013.06.29"]
[Round "8"]
[White "Endresen, Ola Torstein"]
[Black "Elboth, Christian Ancher"]
[Result "1-0"]
[WhiteElo "1200"]
[BlackElo "1080"]
[PlyCount "48"]
[EventDate "2013.??.??"]

1. d4 c6 2. Nc3 d5 3. Bg5 Bf5 4. e3 Nf6 5. Bd3 Bxd3 6. cxd3 h6 7. Bxf6 exf6 8.
Nf3 Nd7 9. e4 Nb6 10. O-O Bd6 11. Re1 O-O 12. Nh4 Nc8 13. Nf5 Ne7 14. Nxd6 Qxd6
15. Qd2 Rad8 16. e5 Qe6 17. Re2 Nf5 18. Qf4 g5 19. Qg4 h5 20. Qxh5 Nxd4 21. Re3
Nc2 22. Rh3 Qxh3 23. Qxh3 Nxa1 24. exf6 Rfe8 1-0

[Event "Landsturneringen NM i sjakk 2013"]
[Site "Radisson Blu Lillehammer Hotel"]
[Date "2013.06.29"]
[Round "8"]
[White "Balas, Georg"]
[Black "Simenstad, Karl Edvin"]
[Result "0-1"]
[WhiteElo "1171"]
[BlackElo "1100"]
[PlyCount "62"]
[EventDate "2013.??.??"]

1. d4 e6 2. c4 f5 3. Nc3 Nf6 4. Nf3 c6 5. Bg5 Be7 6. e3 d5 7. Qb3 O-O 8. Bxf6
Bxf6 9. Bd3 Qb6 10. O-O Qxb3 11. axb3 Nd7 12. Rfe1 Be7 13. Re2 Nf6 14. Ne5 Bd7
15. h3 Be8 16. Rc2 Bh5 17. cxd5 Nxd5 18. Nxd5 exd5 19. Nd7 Rf7 20. Nc5 Bxc5 21.
Rxc5 f4 22. exf4 Rxf4 23. Rd1 Bxd1 24. g3 Rxd4 25. Bf5 Rb4 26. Rc1 Bxb3 27. g4
d4 28. Re1 g6 29. Bd7 Kf8 30. g5 Rd8 31. Bg4 d3 0-1

[Event "Landsturneringen NM i sjakk 2013"]
[Site "Radisson Blu Lillehammer Hotel"]
[Date "2013.06.29"]
[Round "8"]
[White "Larsen, Per Magnus"]
[Black "Grønn, Torbjørn Vevle"]
[Result "0-1"]
[WhiteElo "980"]
[BlackElo "1000"]
[PlyCount "60"]
[EventDate "2013.??.??"]

1. d4 d5 2. Nf3 Bf5 3. c4 c6 4. Nc3 e6 5. e3 Bd6 6. c5 Bc7 7. Nh4 Bg6 8. Nxg6
hxg6 9. h3 Nf6 10. Bd3 Nbd7 11. Qc2 e5 12. f3 Qe7 13. Ne2 exd4 14. e4 Nxc5 15.
Bf4 Bxf4 16. Nxf4 Nxd3+ 17. Qxd3 dxe4 18. fxe4 Qxe4+ 19. Qxe4+ Nxe4 20. Nd3
O-O-O 21. O-O-O Rhe8 22. h4 c5 23. b4 c4 24. Nc5 Nf2 25. Rhf1 Nxd1 26. Rxf7 Re1
27. Rxb7 Rde8 28. Rxg7 Nc3+ 29. Kb2 R8e2+ 30. Ka3 Rxa2# 0-1

[Event "Landsturneringen NM i sjakk 2013"]
[Site "Radisson Blu Lillehammer Hotel"]
[Date "2013.06.29"]
[Round "8"]
[White "Sand, Morten"]
[Black "Robertsen, Per Nicolai"]
[Result "0-1"]
[WhiteElo "1202"]
[BlackElo "1222"]
[PlyCount "56"]
[EventDate "2013.??.??"]

1. e4 c5 2. Nf3 d6 3. d4 cxd4 4. Nxd4 Nf6 5. Nc3 a6 6. Bg5 e6 7. Qd2 Be7 8.
O-O-O O-O 9. f3 b5 10. Bxf6 Bxf6 11. Bxb5 axb5 12. Kb1 Qa5 13. Ndxb5 Nc6 14.
Qxd6 Bb7 15. a3 Rfc8 16. b4 Nxb4 17. Qxb4 Qxb4+ 18. axb4 Rxc3 19. Nd4 Rc4 20.
Nb3 Rxb4 21. Kc1 Bc6 22. Kd2 Rd8+ 23. Ke2 Rbb8 24. Rxd8+ Rxd8 25. Ke3 g6 26. f4
e5 27. g3 exf4+ 28. gxf4 Re8 0-1